Fudamentals of accounting & finance / (Record no. 141465)

MARC details
000 -LEADER
fixed length control field 00568nam a22001817a 4500
005 - DATE AND TIME OF LATEST TRANSACTION
control field 20170620122452.0
010 ## - LCCN (DPL NO)
LC control number ENG-118882
020 ## - INTERNATIONAL STANDARD BOOK NUMBER
International Standard Book Number 9788192060807
Terms of availability 290.00
035 ## - SYSTEM CONTROL NUMBER
System control number EN-102414
037 ## - SOURCE OF ACQUISITION
Source of stock number/acquisition DBAD/PUB
082 ## - DEWEY DECIMAL CLASSIFICATION NUMBER
Classification number 657
100 ## - MAIN ENTRY--PERSONAL NAME
Personal name Rao, K. Rajeswar
245 ## - TITLE STATEMENT
Title Fudamentals of accounting & finance /
Statement of responsibility, etc by K. Rajeswar Rao [and] G. Prasad
260 ## - PUBLICATION, DISTRIBUTION, ETC. (IMPRINT)
Place of publication, distribution, etc Ahndhra Pradesh
Name of publisher, distributor, etc Jai Bharth Publishers
Date of publication, distribution, etc 2012
270 ## - ADDRESS
Address 2//18 Brodipet, Guntur
City Ahndhra Pradesh
Postal code 522002
300 ## - PHYSICAL DESCRIPTION
Extent Various pages.
Dimensions 25cm(pbk)
942 ## - ADDED ENTRY ELEMENTS (KOHA)
Source of classification or shelving scheme Dewey Decimal Classification
Item type English Books
Classification part 657
Call number suffix RAO
Holdings
Withdrawn status Lost status Not for loan Collection code Home library Current library Date acquired Source of acquisition Cost, normal purchase price Full call number Barcode Copy number Cost, replacement price Koha item type
      Non-fiction Ashok Vihar Ashok Vihar 20/06/2017 d 290.00 657 RAO EN-102414 1 290.00 English Books

© Delhi Public Library
Hit Counter
free hit counter